Política de Estado en seguridad ciudadana: Comisión Nacional para la Prevención de la Violencia y Promoción de la Paz Social. Informe final /
El texto resumen los resultados de un taller de planificación estratégica. Este encuentro se dio en el marco del Convenio de Cooperación firmado entre la Ministra de Justicia y Paz y la Fundación Friedrich Ebert. Y su objetivo fue dar inicio a un proceso estructurado de planificación estratégica y a...
Shranjeno v:
| Glavni avtor: | |
|---|---|
| Korporativna značnica: | |
| Format: | Texto |
| Jezik: | Spanish |
| Izdano: |
Costa Rica:
Friedrich Ebert Stiftung
2006
|
| Teme: | |
| Oznake: |
Označite
Brez oznak, prvi označite!
|
MARC
| LEADER | 00000 a a2200000 04500 | ||
|---|---|---|---|
| 001 | 38479 | ||
| 003 | cru CIDCACS/IIS | ||
| 005 | 20230704083745.0 | ||
| 008 | 230704e2006 cr ||||| |||| 00| 0 spa d | ||
| 040 | |c CRAI/IIS | ||
| 090 | |a 04.03.01 S416p | ||
| 100 | |a Schubert, Klaus | ||
| 110 | |a Costa Rica. Ministerio de Justicia | ||
| 245 | |a Política de Estado en seguridad ciudadana: Comisión Nacional para la Prevención de la Violencia y Promoción de la Paz Social. Informe final / |c Klaus Schubert | ||
| 260 | |a Costa Rica: |b Friedrich Ebert Stiftung |c 2006 | ||
| 300 | |a 52 páginas | ||
| 520 | |a El texto resumen los resultados de un taller de planificación estratégica. Este encuentro se dio en el marco del Convenio de Cooperación firmado entre la Ministra de Justicia y Paz y la Fundación Friedrich Ebert. Y su objetivo fue dar inicio a un proceso estructurado de planificación estratégica y articulación entre las instancias del Estado que conforman la Comisión Nacional de Prevención de la Violencia y Promoción de la Paz Social y sus organismos de apoyo | ||
| 650 | |a ASPECTOS SOCIALES | ||
| 650 | |a ASPECTOS POLITICOS | ||
| 650 | |a SEGURIDAD | ||
| 650 | |a CIUDADANIA | ||
| 650 | |a PREVENCION DEL DELITO | ||
| 650 | |a VIOLENCIA | ||
| 650 | |a COSTA RICA | ||
| 942 | |2 ddc |c LI |h 04.03.01 S416p |i 05929 |6 040301_S416P_05929 | ||
| 999 | |c 11452 |d 11452 | ||
